00797 2200181 4500001002100000005001500021035002000036245004500056100001700101250001700118300002800135260003100163082000800194084001400202020002200216650001400238520036300252INLIS00000000000006920240424125545 a0010-04240000131 aLaut Bukan Tempat Sampah /cFadila Hanum0 aFadila Hanum acetakan ke-1 a36 hlm :bilus ;c19 cm aSolo :bTiga Ananda,c2018 a813 a813 FAD l a978-602-366-379-8 4aBuku Anak aHuh! Lagi-lagi Botik si botol plastik dibuat kesal. Setelah isinya habis, seseorang melemparkannya begitu saja ke pantai. Botik sampai terbawa ombak dan terbawa ke lautan. Botik pun menjadi sampah yang mengotori laut. Bahkan, sampah di lautan dapat menyebabkan ikan-ikan mati. Duh, kasihan, ya. Apa yang seharusnya kita lakukan? Cari tahu bersama Botik, yuk!